| 000 | 01205nam a22003497a 4500 | ||
|---|---|---|---|
| 003 | CHAP | ||
| 005 | 20220817042812.0 | ||
| 008 | 971013s1978 r 10010 d | ||
| 010 | _a56085 | ||
| 011 | _a57057 | ||
| 035 | _a61210 | ||
| 040 | _cCHAP | ||
| 082 |
_a636.085 _bS5 1976 |
||
| 111 | 0 | 0 |
_aSimposio Latinoamericano sobre Investigaciones en Nutrición Mineral de los Rumiantes en Pastoreo ( _d1976 _c: Belo Horizonte) _9106320 |
| 245 | _aMemorias | ||
| 260 |
_aGainesville : _bUniversity of Florida, _c1978 |
||
| 300 |
_a225 p. _b: ilus. ; gráfs. |
||
| 590 |
_aBATCH-UPD _b10 _c20130110 _lUCH01 _h0459 |
||
| 590 |
_aBATCH-UPD _b10 _c20130110 _lUCH01 _h2237 |
||
| 590 |
_aBATCH-UPD _b10 _c20130410 _lUCH01 _h0137 |
||
| 590 |
_aBATCH-UPD _b10 _c20130410 _lUCH01 _h1559 |
||
| 590 |
_aBATCH-UPD _b10 _c20130914 _lUCH01 _h1034 |
||
| 590 |
_aCONVERSION _b10 _c20130109 _lUCH01 _h1330 |
||
| 650 | 1 | 4 |
_aMinerales en nutrición animal. _975937 |
| 650 | 1 | 4 | _aNutrición animal. |
| 650 | 1 | 4 |
_aRumiantes _xNutrición. _9100847 |
| 700 | 0 |
_aConrad, Joe. _927261 |
|
| 700 | 0 |
_aMcDowell, Lee Russell. _973495 |
|
| 901 | _aBK | ||
| 942 | _cLIBRO | ||
| 949 |
_a636.085 S5 1976 _bBC _cLIBRO _d-131569 _eLIBRO _h47765 _i61210 _sm |
||
| 999 |
_c56085 _d56085 |
||